000 01899nam a22003257i 4500
001 768714001
003 CO-MdFUSB
005 20250731153908.0
007 cr nn||ncaa
008 200124s2022 ck ||||s|||| 00| 0 spa d
040 _aCO-MdFUSB
_bEspañol
_cCO-MdFUSB
_dCO-MdFUSB
041 _aspa
100 _aSánchez, Kelly,
_eautor
245 _aLa pasión de Jesús, escenario de humillación sexual :
_bun aporte teológico de empatía
_c/ Kelly Sánchez ; asesorado por Jonathan Simons
_h[electrónico]
264 0 _aMedellín, Colombia :
_bFUSBC,
_c2022
300 _aRecurso electrónico
336 _2rdacontent
_atexto
_btxt
337 _2rdamedia
_ainformático
_bc
338 _2rdacarrier
_aremoto
_bnc
502 _aTrabajo de grado
_b(Teología) --
_cFundación Universitaria Seminario Bíblico de Colombia,
_d2022
506 _aAcceso en línea
520 _aEsta investigación busca proveer un aporte teológico a las entidades, personas y profesiones que trabajan en el proceso de restablecimiento de los niños que han vivido Abuso sexual Infantil (ASI). Con una sección de información general sobre abuso sexual infantil en Colombia y por medio de la exégesis se propone que Jesús fue víctima de abuso sexual. Estos textos reflejan los sentimientos de Cristo, permitiendo argumentar que vivió el dolor, la vergüenza, la humillación y el sentimiento de abandono. De la unión de los dos hilos anteriores se concluye que, Jesús experimenta humillación sexual, mostrando a Jesús como alguien que, desde la empatía y el acompañamiento, puede acompañar al niño que ha vivido abuso sexual.
535 _aRecurso en REPCI
650 7 _9239
_aCristología
653 _aAbuso sexual infantil
700 _aSimons Camacho, Jonatán,
_easesor
_98040
856 _uhttps://repositorio.repci.co/handle/123456789/640
_aREPCI
942 _cTG
999 _c68646
_d68646